| Tag |
First Indicator |
Second Indicator |
Subfields |
| LEADER |
00000pam a2200000 4500 |
| 001 |
in00000471821 |
| 005 |
20151013050600.0 |
| 008 |
740716s1975 nyu d 00000 eng |
| 010 |
|
|
|a 74013722
|
| 020 |
|
|
|a 0070564892
|
| 035 |
|
|
|a (OCoLC)00984152
|
| 035 |
|
|
|9 ACA4591AM
|
| 040 |
|
|
|a DLC
|c DLC
|d TXA
|d UtOrBLW
|
| 049 |
|
|
|a TXAM
|c [1152721]
|
| 050 |
0 |
0 |
|a PE1460
|b .S5158
|
| 082 |
0 |
|
|a 428/.3
|
| 100 |
1 |
|
|a Shaw, Harry,
|d 1905-1998.
|
| 245 |
1 |
0 |
|a Dictionary of problem words and expressions.
|
| 264 |
|
1 |
|a New York :
|b McGraw-Hill,
|c [1975]
|
| 264 |
|
4 |
|c [©1975]
|
| 300 |
|
|
|a xxxiii, 261 pages ;
|c 22 cm.
|
| 336 |
|
|
|a text
|b txt
|2 rdacontent
|
| 337 |
|
|
|a unmediated
|b n
|2 rdamedia
|
| 338 |
|
|
|a volume
|b nc
|2 rdacarrier
|
| 520 |
|
|
|a A brief guide to more effective writing and speaking accompanies an alphabetical arrangement of problem words and expressions which are described, discussed, and illustrated with examples of actual usage.
|
| 650 |
|
0 |
|a English language
|x Usage.
|
| 650 |
|
0 |
|a English language
|x Errors of usage.
|
| 650 |
|
0 |
|a English language
|v Dictionaries.
|
| 650 |
|
0 |
|a English language
|x Idioms.
|
| 650 |
|
1 |
|a English language
|x Usage.
|
| 999 |
|
|
|a MARS
|
| 999 |
f |
f |
|s cfd33ce8-37b7-309d-8b5b-7c3a3dc3543f
|i 2043c3bb-0512-34ad-9e71-5133afbce2c5
|t 0
|
| 952 |
f |
f |
|p normal
|a Texas A&M University
|b College Station
|c Sterling C. Evans Library
|d Evans: Library Stacks
|t 0
|e PE1460 .S5158
|h Library of Congress classification
|i unmediated -- volume
|m A14805883345
|
| 998 |
f |
f |
|a PE1460 .S5158
|t 0
|l Evans: Library Stacks
|